000 00371nam a22001457a 4500
020 _qHB.
040 _cFIZZA ISHAQ
082 _a624.17
_bDAV
100 _aGONZALEZ, DAVID.
_930223
245 _aAN INTRODUCTION TO STRUCTURAL MECHANICS FOR ARCHITECTS /
_cDAVID, GONZALEZ.
250 _a1st ED.
260 _bSPRINGER,
_c2018.
300 _a235 P. ;
942 _2ddc
_cBK
999 _c589296
_d589296